Statistics for Flags Of Europe

Click here to take the quiz!

General Stats

  • This quiz has been taken 37 times
  • The average score is 15 of 16

Answer Stats

Answer% Correct
Germany
100%
Greece
100%
Italy
100%
Spain
100%
United Kingdom
100%
Norway
97%
Portugal
97%
Cyprus
94%
Estonia
91%
Monaco
88%
Romania
88%
Belarus
82%
Kosovo
82%
San Marino
82%
Liechtenstein
79%
Moldova
79%

Score Distribution

Percentile by Number Answered

Percent of People with Each Score

Your Score History

You have not taken this quiz